000 00479nam a2200181Ia 4500
003 0100
005 20150407132622.0
008 130303s9999 xx 000 0 und d
040 _cARRUPELIB
050 _aQ175H357 1964
100 _aHawkins, David
_916898
245 4 _aThe language of nature
245 _ban essay in the philosophy of science.
260 _aSan Francisco
_bW.H.Freeman
_c1963
300 _abibliography
300 _bp.359-364
942 _2lcc
_cMONOGRAPH
999 _c41341
_d41341